000 00245nam a22000857a 4500
999 _c23627
_d23627
003 Nust
005 20170526161324.0
008 131220b xxu||||| |||| 00| 0 eng d
020 _cAvailable
_a6964322502
040 _aDLC
_bDLC
_cRCMS
082 _a297.1978344 CHA
100 _aMuhammad Sharif Chaudhry.
_9480
245 _aWomen's Rights in Islam
_cChaudhry,Muhammad Sharif
260 _aLahore
_bSh.Muhmmad Ashraf
_cc2007
300 _axiv, 204 p. ;
_bill:
_c24,cm.
538 _iShelf # 13, Row # 3, Fiction.
650 _a1.Women in Islam.2.Women and religion--Islam.
_9481
856 _3Table of Content Only
942 _2ddc
_cFIC